000 00276nam a22001337a 4500
008 170313b xxu||||| |||| 00| 0 eng d
020 _a08019624509
041 _aeng
080 _28
_a591
100 _a7
101 _aSHM
245 _aZOOLOGY
_cHICKMAN.C.P
942 _2udc
_cBK
999 _c7628
_d7628